NBA 2K Players with a 90+ Rating - Statistics

General Stats
  • This quiz has been taken 345 times
  • The average score is 45 of 77
Answer Stats
Years Player % Correct
2006, 2007, 2008, 2009, 2010, 2011, 2012, 2013, 2014, 2015, 2016, 2017, 2018, 2019, 2020, 2021, 2022 LeBron James
98%
2000, 2001, 2002, 2003, 2004, 2005, 2006, 2007 Shaquille O'Neal
94%
2001, 2002, 2003, 2004, 2005, 2006, 2007, 2008, 2009, 2010, 2011, 2012, 2013, 2014 Kobe Bryant
93%
2011, 2012, 2013, 2014, 2015, 2016, 2017, 2018, 2019, 2020, 2021, 2022 Kevin Durant
92%
2016, 2017, 2018, 2019, 2020, 2021, 2022 Stephen Curry
92%
2002 Michael Jordan
90%
2000, 2001, 2002, 2003, 2004, 2005, 2006, 2007, 2008, 2009 Allen Iverson
88%
2018, 2019, 2020, 2021, 2022 Giannis Antetokounmpo
88%
2020, 2021, 2022 Nikola Jokic
84%
2016, 2017, 2018, 2019, 2020, 2021, 2022 James Harden
83%
2000, 2001, 2002, 2003, 2004, 2005, 2006, 2007, 2008, 2009, 2011, 2015 Tim Duncan
82%
2017, 2018, 2019, 2020, 2021, 2022 Kawhi Leonard
81%
2000, 2001, 2002, 2003, 2004, 2005, 2006, 2007, 2008, 2009 Kevin Garnett
80%
2018, 2019, 2020, 2021, 2022 Kyrie Irving
80%
2008, 2009, 2010, 2011, 2012, 2013, 2014, 2015, 2016, 2017, 2018, 2019, 2022 Chris Paul
79%
2013, 2014, 2017, 2018, 2019, 2020 Russell Westbrook
79%
2006, 2007, 2008, 2009, 2010, 2011, 2012, 2013, 2014 Dwayne Wade
78%
2021, 2022 Luka Doncic
78%
2016, 2017, 2018, 2019, 2020, 2021, 2022 Anthony Davis
77%
2009 Baron Davis
77%
2019, 2020, 2021, 2022 Joel Embiid
76%
2006, 2007, 2008, 2009 Steve Nash
76%
2002, 2003, 2004, 2005, 2006, 2007, 2008, 2009 Dirk Nowitzki
74%
2019, 2020, 2021, 2022 Damian Lillard
73%
2018, 2020, 2021 Paul George
72%
2017, 2018 Klay Thompson
70%
2002, 2003, 2005, 2006, 2007, 2008 Ray Allen
70%
2008, 2009, 2011, 2012, 2013, 2014 Carmelo Anthony
68%
2007, 2008, 2009 Chris Bosh
67%
2018 John Wall
67%
2002, 2003, 2004, 2005, 2006, 2007, 2008, 2009 Paul Pierce
67%
2008 Tony Parker
66%
2017 Draymond Green
64%
2012, 2013, 2014 Derrick Rose
63%
2022 Devin Booker
63%
2000, 2001, 2002, 2003, 2004, 2005, 2006, 2007, 2008, 2009 Jason Kidd
62%
2007, 2008, 2009 Pau Gasol
62%
2009 Caron Butler
61%
2008, 2009, 2012, 2013, 2014 Dwight Howard
61%
2018, 2022 Jimmy Butler
61%
2006, 2009 Manu Ginobili
61%
2002, 2003, 2004, 2005, 2006, 2007, 2008, 2009 Tracy McGrady
61%
2000, 2001 David Robinson
57%
2000, 2001 Karl Malone
57%
2018, 2019, 2021 Karl Anthony-Towns
56%
2005, 2006, 2007, 2008 Jermaine O'Neal
55%
2022 Trae Young
55%
2001, 2002, 2003, 2005, 2006, 2007, 2008 Vince Carter
55%
2008, 2009, 2011, 2012, 2013 Deron Williams
54%
2022 DeMar DeRozan
53%
2022 Ja Morant
53%
2006 Ben Wallace
52%
2000 Hakeem Olajuwon
49%
2013, 2014 Rajon Rondo
48%
2007, 2009 Chauncey Billups
45%
2000 Reggie Miller
45%
2006, 2007, 2008, 2009 Amar'e Stoudemire
43%
2008, 2009 Yao Ming
43%
2017, 2018, 2019 DeMarcus Cousins
42%
2000, 2001, 2002, 2003 Gary Payton
40%
2000, 2001, 2002 Alonzo Mourning
39%
2022 Rudy Gobert
39%
2000, 2001, 2002, 2003, 2004 Chris Webber
35%
2001 Penny Hardaway
33%
2006, 2007, 2008, 2009 Gilbert Arenas
32%
2000, 2001 Grant Hill
32%
2000 Dikembe Mutombo
30%
2002, 2003, 2004, 2007, 2008 Shawn Marion
30%
2002 Peja Stojakovic
25%
2008, 2009 Carlos Boozer
20%
2002, 2005, 2006, 2007, 2008, 2009 Elton Brand
20%
2009 Al Jefferson
17%
2006 Stephon Marbury
17%
2002 Steve Francis
15%
2002 Jerry Stackhouse
11%
2005 Sam Cassell
10%
2000 Sharif Abdur-Rahim
7%
No matching quizzes found
Score Distribution
Percent of People with Each Score
Percentile by Number Answered
Your Score History
You have not taken this quiz